00695nam a2200193Ia 4500003000900000008004100009020002200050040001600072080001900088245016700107260003600274300001400310650004100324650002600365650002900391700002600420700003000446700002500476IN-BaIIA211028s9999 xx 000 0 eng d a978-0-8243-0945-9 cIIA Library a(05)52bANN-45 0aAnnual review of astronomy and astrophysicsbvol. 45cedited by Blandford Roger, John Kormendey and Ewnie Van Dishoeck  aPalo AltobAnnual Reviewsc2007 axi, 701p. aAstronomy and astrophysics thesaurus aAstronomy-Periodicals aAstrophysics-Periodicals aBlandford, Roger, ed. aDishoeck, Ewnie Van, ed.  aKormendey, John, ed.